<?xml version="1.0" encoding="UTF-8"?>
<resp>
  <nextPage>https://data.bn.org.pl/api/networks/bibs.marcxml?marc=001+b00001150003731&amp;sinceId=1150003732</nextPage>
  <collection>
    <record xmlns='http://www.loc.gov/MARC21/slim'><leader>01791namZa2200409ZiZ4500</leader><controlfield tag='001'>b00001150003731</controlfield><controlfield tag='005'>20260402111628.2</controlfield><controlfield tag='008'>800101s2005    pl            000 0 pol d</controlfield><controlfield tag='009'>9913261464105606</controlfield><datafield ind1=' ' ind2=' ' tag='020'><subfield code='a'>8371625642</subfield></datafield><datafield ind1=' ' ind2=' ' tag='035'><subfield code='a'>KR_1KR_1_20120317235831070180-48omnis_kr</subfield></datafield><datafield ind1=' ' ind2=' ' tag='035'><subfield code='a'>KR_1_20120317235831070180</subfield><subfield code='9'>ExL</subfield></datafield><datafield ind1=' ' ind2=' ' tag='035'><subfield code='a'>(PL)b00001150003731</subfield></datafield><datafield ind1=' ' ind2=' ' tag='040'><subfield code='a'>KR_1</subfield><subfield code='c'>KR_1</subfield><subfield code='d'>WA N</subfield></datafield><datafield ind1='1' ind2=' ' tag='041'><subfield code='a'>pol</subfield><subfield code='h'>eng</subfield></datafield><datafield ind1='0' ind2='0' tag='245'><subfield code='a'>Wybór mitów greckich /</subfield><subfield code='c'>[wybór i oprac. Joanna Rodziewicz].</subfield></datafield><datafield ind1=' ' ind2=' ' tag='260'><subfield code='a'>Wrocław :</subfield><subfield code='b'>&quot;Siedmioróg&quot;,</subfield><subfield code='c'>2005.</subfield></datafield><datafield ind1=' ' ind2=' ' tag='300'><subfield code='a'>149 s. ;</subfield><subfield code='c'>21 cm.</subfield></datafield><datafield ind1='1' ind2=' ' tag='490'><subfield code='a'>Lektury Dla Każdego</subfield></datafield><datafield ind1=' ' ind2=' ' tag='500'><subfield code='a'>dd</subfield></datafield><datafield ind1=' ' ind2=' ' tag='521'><subfield code='a'>Lektura dla kl. V szkoły podstawowej, dla gimnazjum i szkół średnich.</subfield></datafield><datafield ind1=' ' ind2='9' tag='650'><subfield code='a'>Mitologia grecka</subfield><subfield code='v'>wydawnictwa popularne</subfield></datafield><datafield ind1=' ' ind2='9' tag='650'><subfield code='a'>Literatura młodzieżowa polska</subfield><subfield code='y'>20 w.</subfield></datafield><datafield ind1='1' ind2=' ' tag='700'><subfield code='a'>Rodziewicz, Joanna</subfield><subfield code='e'>Opracowanie</subfield></datafield><datafield ind1=' ' ind2=' ' tag='852'><subfield code='b'>48OMNIS_NETWORK</subfield><subfield code='8'>9913261464105606</subfield></datafield><datafield ind1=' ' ind2=' ' tag='852'><subfield code='b'>48OMNIS_WBP</subfield><subfield code='8'>990001349910308414</subfield></datafield><datafield ind1=' ' ind2=' ' tag='852'><subfield code='b'>48OMNIS_GLO</subfield><subfield code='8'>990003383110308411</subfield></datafield><datafield ind1=' ' ind2=' ' tag='852'><subfield code='8'>22742476810008414</subfield><subfield code='j'>1</subfield><subfield code='b'>143WG</subfield><subfield code='p'>14301-100111749</subfield><subfield code='c'>W</subfield><subfield code='z'>Wariant wydania: 2005</subfield></datafield><datafield ind1=' ' ind2=' ' tag='852'><subfield code='8'>22724618910008411</subfield><subfield code='j'>1</subfield><subfield code='b'>014F1</subfield><subfield code='p'>01409-100025999</subfield><subfield code='c'>F1DZ</subfield><subfield code='z'>5/02;ek;Dla czytelników z  przygotowaniem na poziomie szkoły średniej;</subfield></datafield><datafield ind1=' ' ind2=' ' tag='852'><subfield code='8'>22724618930008411</subfield><subfield code='j'>1</subfield><subfield code='b'>014CD</subfield><subfield code='p'>01404-100044063</subfield><subfield code='c'>CDZ</subfield><subfield code='z'>10/02;ek;Dla czytelników z  przygotowaniem na poziomie szkoły średniej;</subfield></datafield><datafield ind1=' ' ind2=' ' tag='852'><subfield code='8'>22724618820008411</subfield><subfield code='j'>1</subfield><subfield code='b'>014F3</subfield><subfield code='p'>01413-100006734</subfield><subfield code='c'>F3</subfield><subfield code='z'>17/02;ek;Dla czytelników z  przygotowaniem na poziomie szkoły średniej;</subfield></datafield><datafield ind1=' ' ind2=' ' tag='852'><subfield code='8'>22724618870008411</subfield><subfield code='j'>1</subfield><subfield code='b'>014F2</subfield><subfield code='p'>01412-100015429</subfield><subfield code='c'>F2DZ</subfield><subfield code='z'>4/02;ek;Dla czytelników z  przygotowaniem na poziomie szkoły średniej;</subfield></datafield><datafield ind1=' ' ind2=' ' tag='920'><subfield code='a'>83-7162-564-2</subfield></datafield></record>
  </collection>
</resp>
